| 000 | 00000nam##2200000za#4500 |
| 001 | 9.604275 |
| 003 | CaOODSP |
| 005 | 20210624211504 |
| 007 | cr ||||||||||| |
| 008 | 150406|2006||||xxc|||||o f|0| 0 fre|d |
| 040 | |aCaOODSP|bfre |
| 043 | |an-cn--- |
| 086 | 1 |aTU3-5/06-31F-PDF |
| 110 | 2 |aBureau de la sécurité des transports du Canada. |
| 245 | 10|aPerte d'alimentation électrique du Beechcraft King Air 100 C-GJLP, exploité par Propair Inc. à l'aéroport de Montréal/St-Hubert (Québec), le 18 octobre 2006 |h[ressource électronique] |
| 260 | |aGatineau - Québec : |bBureau de la sécurité des transports du Canada |c2008. |
| 300 | |a12p.|bcarte en couleur, figure, photographies |
| 490 | 1 |aRapport d'enquête aéronautique |vA06Q0180 |
| 500 | |a« Le Bureau a autorisé la publication du rapport le 13 février 2008 » --p.11. |
| 590 | |a12-33-Supp|b2012-07-18 |
| 775 | 08|tLoss of electrical power - Propair Inc. Beechcraft King Air 100 C-GJLP, Montréal/St-Hubert Airport, Quebec, 18 October 2006 |w(CaOODSP)9.574531 |
| 830 | #0|aRapport d'enquête aéronautique ;|vA06Q0180|w(CaOODSP)9.501229 |
| 856 | 40|ahttp://publications.gc.ca|qPDF|s790 Ko|uhttps://publications.gc.ca/collections/collection_2012/bst-tsb/TU3-5-06-31-fra.pdf|yA06Q0180 |